[Event "USA-ch High School K12"]
[Site "Schaumburg"]
[Date "2019.03.17"]
[Round "6"]
[White "Chasin, Nico Werner"]
[Black "Liu, Miranda"]
[Result "1-0"]
[WhiteElo "2193"]
[BlackElo "1820"]
[PlyCount "45"]
[EventDate "2019.03.15"]
[EventType "swiss"]
[EventRounds "7"]
[EventCountry "USA"]
[SourceTitle "CBM 189 Extra"]
[Source "ChessBase"]
[SourceDate "2019.05.31"]
[SourceVersion "1"]
[SourceVersionDate "2019.05.31"]
[SourceQuality "1"]

1. d4 d5 2. c4 dxc4 3. e3 e5 4. Bxc4 exd4 5. exd4 Nf6 6. Nf3 Bd6 7. 0-0 0-0 8. Bg5 Bg4 9. Qd3 Nbd7 10. Re1 Nb6 11. Bb3 Bh5 12. Ne5 Be7 13. Nc3 Re8 14. Bc2 Bg6 15. Nxg6 hxg6 16. Bb3 Nfd5 17. Rxe7 Nxe7 18. Qf3 Rf8 19. Re1 Qxd4 20. Bxe7 Rae8 21. Re2 c5 22. Bxf8 Rxf8 23. Bxf7+ 1-0

[Event "Windsor NAYCC U16-U18 Girls"]
[Site "Windsor"]
[Date "2016.08.11"]
[Round "9.17"]
[White "Liu, Miranda"]
[Black "Ouellet, Maili Jade"]
[Result "1-0"]
[WhiteElo "1902"]
[BlackElo "1906"]
[PlyCount "85"]
[EventDate "2016.08.07"]
[EventType "swiss"]
[EventRounds "9"]
[EventCountry "CAN"]
[SourceTitle "EXT 2022"]
[Source "ChessBase"]
[SourceDate "2021.10.06"]
[SourceVersion "1"]
[SourceVersionDate "2021.10.06"]
[SourceQuality "1"]

1. e4 c5 2. Nf3 e6 3. d4 cxd4 4. Nxd4 a6 5. c4 Nf6 6. Nc3 d6 7. Be2 Nbd7 8. 0-0 Be7 9. Be3 Qc7 10. Rc1 b6 11. f3 Bb7 12. Qd2 0-0 13. Rfd1 Rac8 14. Kh1 Rfe8 15. b4 Qb8 16. a3 Bd8 17. Nb3 Bc7 18. Bf4 Ne5 19. Bxe5 dxe5 20. c5 b5 21. a4 Bc6 22. axb5 axb5 23. Ra1 Red8 24. Qa2 Rxd1+ 25. Rxd1 Qb7 26. Na5 Bxa5 27. Qxa5 Ne8 28. Bxb5 Ra8 29. Bxc6 Qxc6 30. Qb5 Qxb5 31. Nxb5 Rb8 32. Nd6 Nxd6 33. Rxd6 Kf8 34. Rb6 Ra8 35. h3 Ke8 36. c6 g6 37. b5 h5 38. c7 Kd7 39. Rc6 Kc8 40. b6 Kb7 41. Rd6 Ra1+ 42. Kh2 Rc1 43. Rd8 1-0

[Event "Windsor NAYCC U16-U18 Girls"]
[Site "Windsor"]
[Date "2016.08.09"]
[Round "4.20"]
[White "Davis, Katherine"]
[Black "Liu, Miranda"]
[Result "1-0"]
[WhiteElo "1780"]
[BlackElo "1902"]
[PlyCount "115"]
[EventDate "2016.08.07"]
[EventType "swiss"]
[EventRounds "9"]
[EventCountry "CAN"]
[SourceTitle "EXT 2022"]
[Source "ChessBase"]
[SourceDate "2021.10.06"]
[SourceVersion "1"]
[SourceVersionDate "2021.10.06"]
[SourceQuality "1"]

1. e4 c5 2. c3 d5 3. exd5 Qxd5 4. d4 Nf6 5. Nf3 Bg4 6. Be2 e6 7. Na3 Nc6 8. Be3 cxd4 9. Nb5 Qd8 10. Nbxd4 Nxd4 11. Bxd4 Be7 12. Qa4+ Kf8 13. Bxf6 Bxf6 14. Qxg4 a5 15. 0-0 h5 16. Qe4 g5 17. Nd4 Qe7 18. Rad1 h4 19. h3 Rc8 20. Bf3 Kg7 21. Rfe1 Rc7 22. Re2 Rhc8 23. Red2 Kh6 24. Nb3 b6 25. Qa4 Rc4 26. Qd7 a4 27. Qxe7 Bxe7 28. Nd4 a3 29. Be2 R4c5 30. c4 Re5 31. bxa3 Bxa3 32. Nc2 Bc5 33. Bf3 f5 34. a4 Rg8 35. Re2 Rxe2 36. Bxe2 g4 37. Kf1 Kg5 38. Nd4 Kf6 39. Nb3 Bb4 40. Ra1 gxh3 41. gxh3 Ra8 42. Bf3 Ra7 43. Bc6 e5 44. Rd1 Rc7 45. Bb5 Ke6 46. Rd8 f4 47. Rh8 Be7 48. Rb8 Kf5 49. Rxb6 f3 50. a5 Ra7 51. a6 Ra8 52. c5 Rd8 53. Ke1 Bg5 54. a7 Ra8 55. Ra6 Bf4 56. Bc6 Rg8 57. Bxf3 e4 58. Bg4+ 1-0

[Event "Windsor NAYCC U16-U18 Girls"]
[Site "Windsor"]
[Date "2016.08.08"]
[Round "2.20"]
[White "Samadashvili, Martha"]
[Black "Liu, Miranda"]
[Result "1-0"]
[WhiteElo "1791"]
[BlackElo "1902"]
[PlyCount "90"]
[EventDate "2016.08.07"]
[EventType "swiss"]
[EventRounds "9"]
[EventCountry "CAN"]
[SourceTitle "EXT 2022"]
[Source "ChessBase"]
[SourceDate "2021.10.06"]
[SourceVersion "1"]
[SourceVersionDate "2021.10.06"]
[SourceQuality "1"]

1. e4 c5 2. Nf3 d6 3. d4 cxd4 4. Nxd4 Nf6 5. Nc3 a6 6. Be3 e5 7. Nb3 Be6 8. Qd2 Be7 9. f3 0-0 10. 0-0-0 Nbd7 11. Kb1 b5 12. Qf2 Rb8 13. g4 b4 14. Nd5 Bxd5 15. exd5 a5 16. Bc4 a4 17. Nd2 Nb6 18. Bxb6 Rxb6 19. b3 axb3 20. cxb3 Rb8 21. Ne4 Qa5 22. Nxf6+ Bxf6 23. h4 Rfc8 24. Qc2 Qc5 25. Qe4 Ra8 26. g5 Bd8 27. Bd3 g6 28. Rh2 Bb6 29. h5 Qd4 30. hxg6 fxg6 31. Rdh1 Qxe4 32. Bxe4 Ra7 33. Bxg6 Rcc7 34. Bf5 Rg7 35. Rh6 Bc5 36. R1h5 Rac7 37. Rf6 Rge7 38. Be6+ Kg7 39. Rfh6 Kh8 40. Rf6 Kg7 41. Bf5 Kg8 42. Rhh6 Re8 43. g6 Be3 44. Rxh7 Bg5 45. Rxc7 Bxf6 1-0